书目信息 |
| 题名: |
Excel在经济统计中的应用
|
|
| 作者: | 邱振 编著 ;朱兴国 改编 | |
| 分册: | ||
| 出版信息: | 北京 中国青年出版社 2002 |
|
| 页数: | 338页 | |
| 开本: | 23cm | |
| 丛书名: | 办公软件高级应用系列 | |
| 单 册: | ||
| 中图分类: | F222.1 | |
| 科图分类: | ||
| 主题词: | 电子表格系统--应用--经济统计 , CT--S900481--电子表格系统 , CT--S040521--经济统计 | |
| 电子资源: | ||
| ISBN: | 7-5006-4730-1 | |
| 000 | 01051nam0 2200301 45 | |
| 001 | 012002053415 | |
| 005 | 20031219104106.8 | |
| 010 | @a7-5006-4730-1@dCNY29.80 | |
| 100 | @a20020625d2002 em y0chiy0110 ea | |
| 101 | 0 | @achi |
| 102 | @aCN@b110000 | |
| 105 | @ay z 000yy | |
| 106 | @ar | |
| 200 | 1 | @aExcel在经济统计中的应用@9Excel zai jing ji tong ji zhong de ying yong@f邱振编著@FQiu ZhenBian Zhu@g朱兴国改编 |
| 210 | @a北京@c中国青年出版社@d2002 | |
| 215 | @a338页@d23cm | |
| 225 | 2 | @a办公软件高级应用系列 |
| 305 | @a松岗电脑图书资料股份有限公司授权出版 | |
| 330 | @a本书内容包括三十五章,分四部分讲述了应用Excel软件解决在经济统计中遇到的问题,加强读者对Excel软件高级应用技巧的认识。 | |
| 461 | 0 | @12001 @a办公软件高级应用系列 |
| 606 | 0 | @a电子表格系统@x应用@x经济统计 |
| 606 | 0 | @2CT@3S900481@a电子表格系统 |
| 606 | 0 | @2CT@3S040521@a经济统计 |
| 690 | @aF222.1@v4 | |
| 701 | 0 | @a邱振@9qiu zhen kun@4编著 |
| 702 | 0 | @a朱兴国@9zhu xing guo@4改编 |
| 801 | @aCN@bTSTC@c20030311 | |
| 905 | @b321176-180@dF222.1@e122@f5 | |
| Excel在经济统计中的应用/邱振编著/朱兴国改编.-北京:中国青年出版社,2002 |
| 338页;23cm.-(办公软件高级应用系列) |
| ISBN 7-5006-4730-1:CNY29.80 |
| 本书内容包括三十五章,分四部分讲述了应用Excel软件解决在经济统计中遇到的问题,加强读者对Excel软件高级应用技巧的认识。 |
| ● |
| 相关链接 |
|
|
|
|
正题名:Excel在经济统计中的应用
索取号:F222.1/122
 
预约/预借
| 序号 | 登录号 | 条形码 | 馆藏地/架位号 | 状态 | 备注 |
| 1 | 0321176 | 203211764 | 第一借阅区/ [索取号:F222.1/122] | 在馆 | |
| 2 | 0321177 | 203211773 | 第一借阅区/ [索取号:F222.1/122] | 在馆 | |
| 3 | 0321178 | 203211782 | 第一借阅区/ [索取号:F222.1/122] | 在馆 | |
| 4 | 0321179 | 203211791 | 第一借阅区/ [索取号:F222.1/122] | 在馆 | |
| 5 | 0321180 | 203211808 | 第一样本阅览室/ [索取号:F222.1/122] | 在馆 |